BIBLIOTECA PODER JUDICIAL
Portal Judicial TDF

Ley de Medidas Cautelares N.º 26.854. Análisis a la luz del instituto del informe previo de su art. 4° / (Registro nro. 5411)

000 -LEADER
fixed length control field 01424nab a22002537a 4500
003 - CONTROL NUMBER IDENTIFIER
control field OSt
005 - DATE AND TIME OF LATEST TRANSACTION
control field 20250313113342.0
008 - FIXED-LENGTH DATA ELEMENTS--GENERAL INFORMATION
fixed length control field 190604e xxu||||| |||| 00| 0 spa d
040 ## - CATALOGING SOURCE
Transcribing agency PJ
100 ## - MAIN ENTRY--PERSONAL NAME
9 (RLIN) 6286
Personal name Duizeide, Santiago G.
245 10 - TITLE STATEMENT
Title Ley de Medidas Cautelares N.º 26.854. Análisis a la luz del instituto del informe previo de su art. 4° /<br/>
Statement of responsibility, etc Santiago G. Duizeide.
260 ## - PUBLICATION, DISTRIBUTION, ETC. (IMPRINT)
Place of publication, distribution, etc Ciudad Autónoma de Buenos Aires :
Name of publisher, distributor, etc Thomson Reuters La Ley,
Date of publication, distribution, etc 2024.
300 ## - PHYSICAL DESCRIPTION
Extent p. 5-8
500 ## - GENERAL NOTE
General note Cita Online: TR LALEY AR/DOC/1250/24.
505 ## - FORMATTED CONTENTS NOTE
Formatted contents note Sumario: I. Introducción.— II. Una aproximación al precepto.— III. Sobre la naturaleza de los protocolos de actuación.— IV. Una crítica necesaria.— V. A modo de conclusión.
Title * Comentario de Ley Nº 1523 - Creación del Protocolo de Protección Integral a Niños, Niñas y Adolescentes Víctimas de Violencia Sexual de Tierra del Fuego, Antártida e Islas del Atlántico Sur. <br/>
505 ## - FORMATTED CONTENTS NOTE
Title ¿Te interesa el texto completo? Solicitalo al correo: koha@justierradelfuego.gov.ar<br/>
650 #0 - SUBJECT ADDED ENTRY--TOPICAL TERM
9 (RLIN) 211
Topical term or geographic name as entry element DERECHO ADMINISTRATIVO
650 #0 - SUBJECT ADDED ENTRY--TOPICAL TERM
9 (RLIN) 1051
Topical term or geographic name as entry element MEDIDAS CAUTELARES
650 #0 - SUBJECT ADDED ENTRY--TOPICAL TERM
9 (RLIN) 877
Topical term or geographic name as entry element ADMINISTRACION PUBLICA
650 #0 - SUBJECT ADDED ENTRY--TOPICAL TERM
9 (RLIN) 946
Topical term or geographic name as entry element ESTADO NACIONAL
650 #0 - SUBJECT ADDED ENTRY--TOPICAL TERM
9 (RLIN) 4597
Topical term or geographic name as entry element CONSTITUCIONALIDAD
773 0# - HOST ITEM ENTRY
Host Biblionumber 2714
Host Itemnumber 3171
Place, publisher, and date of publication Ciudad Autónoma de Buenos Aires : Thomson Reuters La Ley, 2014-
Title Revista anales de legislación argentina. Nº 7 - Junio 2024.
942 ## - ADDED ENTRY ELEMENTS (KOHA)
Source of classification or shelving scheme
Koha item type Analítica Artículo de Revista

No hay ítems disponibles.

12 de Octubre 789 Ushuaia - Tel:  54(02901)441571
Horario de Atención: 8.00 a 17.00 hs. 
bibliotecaush@justierradelfuego.gov.ar
koha@justierradelfuego.gov.ar
Seguinos en nuestras redes @bibliojustdf 

Con tecnología Koha